[Event "2BLW 1718 SV Koblenz - SG KÃ¶ln Porz"]
[Site "?"]
[Date "2017.12.10"]
[Round "4.5"]
[White "Korotkjevich, Stanislav"]
[Black "Doncevic, Dario"]
[Result "1-0"]
[WhiteElo "2372"]
[BlackElo "2266"]
[PlyCount "113"]
[EventDate "2017.??.??"]

1. d4 Nf6 2. Nf3 g6 3. Bf4 Bg7 4. e3 O-O 5. h3 d6 6. Be2 Nbd7 7. O-O Ne4 8. Bh2
e5 9. Na3 exd4 10. exd4 a6 11. Re1 Nb6 12. c3 Bd7 13. Nc2 Re8 14. Qc1 Bb5 15.
Bd1 a5 16. Ne3 Bc6 17. Ng4 h5 18. Nh6+ Kf8 19. Bb3 Bd5 20. Bxd5 Nxd5 21. Nxf7
Kxf7 22. Rxe4 Rxe4 23. Ng5+ Kg8 24. Nxe4 Qe7 25. Qc2 Re8 26. Re1 Kh8 27. Re2
Nf6 28. Ng3 Qf7 29. b3 Kh7 30. Rxe8 Qxe8 31. Qe2 Qf7 32. Ne4 Nxe4 33. Qxe4 Qf5
34. Qxf5 gxf5 35. Kf1 Kg6 36. Bf4 Kf7 37. Ke2 Ke6 38. Kd3 c6 39. a4 Bf8 40. Bg5
Kd7 41. Ke3 b5 42. Kf4 Ke6 43. Bd8 Bh6+ 44. Kf3 bxa4 45. bxa4 Kd5 46. Bxa5 c5
47. dxc5 dxc5 48. Ke2 Bg7 49. Kd3 c4+ 50. Ke3 Bh6+ 51. Kf3 Bd2 52. Bb4 Kc6 53.
g4 fxg4+ 54. hxg4 hxg4+ 55. Kxg4 Be1 56. f4 Kd5 57. f5 1-0

[Event "2BLW 1718 SV Koblenz - SG KÃ¶ln Porz"]
[Site "?"]
[Date "2017.12.10"]
[Round "4.6"]
[White "Wolf, Volker"]
[Black "Wagenknecht, Uwe"]
[Result "1-0"]
[WhiteElo "2316"]
[BlackElo "2234"]
[PlyCount "90"]
[EventDate "2017.??.??"]

1. e4 c5 2. Nf3 d6 3. d4 cxd4 4. Nxd4 Nf6 5. Nc3 g6 6. Be2 Bg7 7. O-O O-O 8.
Bg5 Nc6 9. Nb3 a5 10. a4 Be6 11. Kh1 h6 12. Bh4 Rc8 13. f4 Nb4 14. Nd4 Bc4 15.
Ndb5 Ne8 16. Bxc4 Rxc4 17. Qe2 Rc6 18. Rad1 Qd7 19. Rd2 e6 20. Rfd1 e5 21. f5
gxf5 22. exf5 Qxf5 23. Be7 Qe6 24. Bxf8 Bxf8 25. Nd5 Nxd5 26. Rxd5 Nf6 27. R5d3
d5 28. Re1 Ne4 29. Nc3 Nxc3 30. bxc3 e4 31. Rg3+ Bg7 32. Qd2 Qe5 33. Rd1 Rc5
34. Rb1 Rxc3 35. Rxc3 Qxc3 36. Qxc3 Bxc3 37. Rxb7 Kg7 38. Re7 Kf8 39. Rc7 d4
40. Kg1 Kg7 41. Re7 e3 42. Kf1 Kf6 43. Rc7 Bb2 44. Ke2 h5 45. Rc5 Ke7 1-0

[Event "2BLW 1718 SV Koblenz - SG KÃ¶ln Porz"]
[Site "?"]
[Date "2017.12.10"]
[Round "4.7"]
[White "Liard, Thibaud"]
[Black "Stewart, Neil"]
[Result "0-1"]
[WhiteElo "2189"]
[BlackElo "2203"]
[PlyCount "138"]
[EventDate "2017.??.??"]

1. d4 d5 2. Bf4 Nf6 3. e3 c5 4. c3 Nc6 5. Nd2 cxd4 6. cxd4 Bg4 7. Qb3 Qb6 8. h3
Bf5 9. Bb5 a6 10. Bxc6+ Qxc6 11. Ngf3 Bc2 12. Ne5 Bxb3 13. Nxc6 Ba4 14. Ne5 Nd7
15. O-O Nxe5 16. Bxe5 f6 17. Bg3 Kd7 18. Rfc1 Bc6 19. b4 e6 20. a3 Be7 21. Nb3
b6 22. Rc3 Rhc8 23. Rac1 Bd8 24. f3 Ba4 25. Nd2 Rxc3 26. Rxc3 Bb5 27. e4 a5 28.
bxa5 Rxa5 29. Kf2 Ra4 30. Ke3 Bc6 31. e5 Be7 32. Nb1 b5 33. f4 Bd8 34. f5 Rc4
35. fxe6+ Kxe6 36. h4 Bb6 37. Rxc4 dxc4 38. Nc3 g6 39. exf6 Kxf6 40. Be5+ Ke6
41. Ne4 Bxe4 42. Kxe4 Bd8 43. d5+ Kd7 44. h5 gxh5 45. Bc3 Be7 46. Bb2 h4 47.
Bc1 Bf6 48. Kf5 Bc3 49. Ke4 Be1 50. Bf4 Bg3 51. Bd2 Bd6 52. Bc1 Ke7 53. Bb2 Kf7
54. Kf5 Be7 55. Ke4 Kg6 56. Bc1 Bd6 57. Bb2 h6 58. Bc1 Kf6 59. Kd4 Kf5 60. a4
bxa4 61. Kxc4 h5 62. Bb2 a3 63. Bxa3 Bxa3 64. Kd3 Kf4 65. Ke2 Kg3 66. Kf1 Kh2
67. Kf2 Bd6 68. Kf3 Kg1 69. g4 hxg3 0-1

[Event "2BLW 1718 SV Koblenz - SG KÃ¶ln Porz"]
[Site "?"]
[Date "2017.12.10"]
[Round "4.8"]
[White "Bohn, Thomas"]
[Black "Suvorov, Alexander"]
[Result "1/2-1/2"]
[WhiteElo "2336"]
[BlackElo "2126"]
[PlyCount "73"]
[EventDate "2017.??.??"]

1. f4 d5 2. Nf3 Nf6 3. e3 g6 4. Be2 Bg7 5. O-O O-O 6. d3 c5 7. Qe1 Nc6 8. Qg3
Qc7 9. a4 a6 10. Ne5 Nxe5 11. fxe5 Ne8 12. d4 f6 13. Nc3 Be6 14. Bf3 Rd8 15.
exf6 Qxg3 16. hxg3 Nxf6 17. dxc5 Bf5 18. Rd1 e6 19. Bd2 Rc8 20. b4 Bxc2 21.
Rdc1 Bd3 22. Ra3 Bc4 23. e4 a5 24. bxa5 Rfd8 25. exd5 exd5 26. Nb5 Rxc5 27. Bb4
Rc6 28. Nd4 Ra6 29. Nb5 Rc6 30. Re1 Ne4 31. Bxe4 dxe4 32. Rxe4 Bd5 33. Rd3 Bf6
34. Re2 Bf7 35. Rxd8+ Bxd8 36. Nd6 Bxa5 37. Bxa5 1/2-1/2

[Event "2BLW 1718 SG KÃ¶ln Porz - SC Hansa Dort"]
[Site "?"]
[Date "2018.01.21"]
[Round "5.1"]
[White "Markus, Robert"]
[Black "Van Den Doel, Erik"]
[Result "1/2-1/2"]
[WhiteElo "2615"]
[BlackElo "2589"]
[PlyCount "94"]
[EventDate "2018.??.??"]

1. d4 d5 2. c4 dxc4 3. Nf3 a6 4. e3 b5 5. a4 Bb7 6. b3 e6 7. bxc4 bxc4 8. Bxc4
Nf6 9. Nbd2 Nbd7 10. Qb3 Rb8 11. Qd3 Nd5 12. O-O Nb4 13. Qe2 c5 14. Bb2 Be7 15.
dxc5 O-O 16. Nb3 Nxc5 17. Rfd1 Qc7 18. Nxc5 Qxc5 19. Ne5 Be4 20. Nd7 Qg5 21. f3
Nc2 22. Nxb8 Rxb8 23. Ra2 Nxe3 24. Bc1 Rb1 25. Bxe3 Rxd1+ 26. Qxd1 Qxe3+ 27.
Kh1 Ba8 28. Rb2 Qe5 29. Rb1 h5 30. Bxa6 Bd6 31. Qg1 h4 32. Bb7 Bxb7 33. Rxb7 h3
34. Rb1 Qe2 35. gxh3 Qxf3+ 36. Qg2 Qd3 37. Rf1 e5 38. a5 e4 39. Re1 f6 40. Qf1
Qd2 41. Rxe4 Kf7 42. Qe2 Qxa5 43. Qh5+ Kg8 44. Qe8+ Kh7 45. Qh5+ Kg8 46. Qe8+
Kh7 47. Qh5+ Kg8 1/2-1/2

[Event "2BLW 1718 SG KÃ¶ln Porz - SC Hansa Dort"]
[Site "?"]
[Date "2018.01.21"]
[Round "5.2"]
[White "Lutz, Christopher"]
[Black "Heberla, Bartlomiej"]
[Result "1/2-1/2"]
[WhiteElo "2536"]
[BlackElo "2559"]
[PlyCount "87"]
[EventDate "2018.??.??"]

1. e4 c5 2. Nf3 g6 3. d4 cxd4 4. Nxd4 Bg7 5. c4 Nc6 6. Be3 Nf6 7. Nc3 O-O 8.
Be2 d6 9. O-O Nxd4 10. Bxd4 Bd7 11. Qd3 Bc6 12. b4 b6 13. Rfd1 e6 14. Rac1 Qe7
15. Bf3 Rfd8 16. h3 Rac8 17. a3 Ba8 18. Nb5 Rd7 19. Be3 Bf8 20. Bf4 Ne8 21. c5
Qf6 22. Qd2 Qd8 23. Bg5 f6 24. Be3 bxc5 25. bxc5 a6 26. Nc3 Qe7 27. Na4 Rdd8
28. Nb6 Rc6 29. Nxa8 Rxa8 30. cxd6 Rxd6 31. Qa2 Rxd1+ 32. Rxd1 Rc8 33. a4 Nd6
34. Rc1 Rxc1+ 35. Bxc1 Kg7 36. Qc2 Nb7 37. Qc6 Nc5 38. Be3 Qd7 39. Qxd7+ Nxd7
40. Be2 a5 41. Bb5 Nc5 42. f3 Nb3 43. Kf1 Bc5 44. Bc4 {(=)} 1/2-1/2

[Event "2BLW 1718 SG KÃ¶ln Porz - SC Hansa Dort"]
[Site "?"]
[Date "2018.01.21"]
[Round "5.3"]
[White "Klyuner, Vyacheslav"]
[Black "Rotstein, Arkadij"]
[Result "0-1"]
[WhiteElo "2443"]
[BlackElo "2504"]
[PlyCount "86"]
[EventDate "2018.??.??"]

1. e4 c5 2. Nf3 e6 3. d3 Nc6 4. g3 d5 5. Nbd2 g6 6. Bg2 Bg7 7. O-O Nf6 8. exd5
Nxd5 9. Nc4 O-O 10. Re1 Qc7 11. a4 h6 12. c3 Rd8 13. Qe2 b6 14. Nfe5 Nxe5 15.
Nxe5 Bb7 16. a5 bxa5 17. Nc4 a4 18. Bf3 Nb6 19. Bf4 Qd7 20. Bxb7 Qxb7 21. Qc2
Qf3 22. Bc7 Rxd3 23. Bxb6 axb6 24. Nxb6 Rad8 25. Nc4 h5 26. Qe2 Qc6 27. Qe4 Qb5
28. Kg2 R3d5 29. h4 Kh7 30. Re2 f5 31. Na3 Qb7 32. Qf3 e5 33. Rc2 e4 34. Qe2
Rd3 35. Kh2 Qb3 36. Re1 R8d7 37. Nb1 Bh6 38. Rf1 Qd5 39. Re1 c4 40. Kg1 Bf8 41.
Qf1 Bc5 42. Kh2 f4 43. gxf4 Qf5 0-1

[Event "2BLW 1718 SG KÃ¶ln Porz - SC Hansa Dort"]
[Site "?"]
[Date "2018.01.21"]
[Round "5.4"]
[White "Xu, Xianliang"]
[Black "Wegener, Olaf"]
[Result "1/2-1/2"]
[WhiteElo "2405"]
[BlackElo "2431"]
[PlyCount "136"]
[EventDate "2018.??.??"]

1. e4 c5 2. c3 d5 3. exd5 Qxd5 4. d4 Nf6 5. Nf3 e6 6. Be3 cxd4 7. cxd4 Nc6 8.
Nc3 Qd6 9. a3 Be7 10. Bd3 b6 11. O-O O-O 12. Qe2 Bb7 13. Rad1 Rad8 14. Rfe1 Qb8
15. Bb1 Rd7 16. Bg5 Qd8 17. Qd3 g6 18. Ba2 Re8 19. h4 Kg7 20. Qe3 Ng4 21. Qe2
h6 22. Bf4 Nf6 23. d5 exd5 24. Qd2 h5 25. Bh6+ Kg8 26. b4 a6 27. Qd3 Bf8 28.
Rxe8 Qxe8 29. Bg5 Ne5 30. Qd4 Nxf3+ 31. gxf3 Nh7 32. Bxd5 Bg7 33. Qe4 Qxe4 34.
Bxe4 Rxd1+ 35. Nxd1 Bxe4 36. fxe4 Nxg5 37. hxg5 Bd4 38. Kg2 f6 39. gxf6 Kf7 40.
f4 Kxf6 41. Nf2 g5 42. Nd3 Be3 43. fxg5+ Bxg5 44. a4 b5 45. a5 Bd2 46. Kf3 Kg5
47. Kg3 Bc3 48. Kh3 Bd4 49. Kg3 Ba7 50. Kh3 Be3 51. Kg3 Bd4 52. Kh3 Ba7 53. Kg2
Bd4 54. Kg3 Bc3 55. Kh3 h4 56. e5 Bd4 57. e6 Kf6 58. Kxh4 Kxe6 59. Kg4 Kd5 60.
Kf3 Kc4 61. Ke2 Bg1 62. Kd2 Bh2 63. Nc5 Kxb4 64. Nxa6+ Kc4 65. Kc2 Be5 66. Kb1
Bf4 67. Kc2 Bd6 68. Kb2 Be5+ 1/2-1/2

[Event "2BLW 1718 SG KÃ¶ln Porz - SC Hansa Dort"]
[Site "?"]
[Date "2018.01.21"]
[Round "5.5"]
[White "Dr. Scholz, Christian"]
[Black "Malykin, Vitaly"]
[Result "1-0"]
[WhiteElo "2371"]
[BlackElo "2370"]
[PlyCount "115"]
[EventDate "2018.??.??"]

1. d4 g6 2. e4 Bg7 3. c4 d6 4. Nc3 Nf6 5. Be2 O-O 6. Nf3 Nbd7 7. Bg5 h6 8. Bh4
c5 9. d5 g5 10. Bg3 Nh5 11. Qd2 Ndf6 12. e5 Nh7 13. Bd3 Nxg3 14. hxg3 dxe5 15.
Bxh7+ Kxh7 16. Qxg5 Qd6 17. Ne4 Qg6 18. Qe3 Kg8 19. Nxc5 Qb6 20. O-O Bf5 21.
Nh4 Bh7 22. b3 Rac8 23. Na4 Qxe3 24. fxe3 Bd3 25. Nf5 Rc7 26. Rf2 b5 27. cxb5
e4 28. Rd1 Be5 29. b6 axb6 30. Nxb6 Kh7 31. Nc4 Bxc4 32. bxc4 e6 33. dxe6 fxe6
34. Nd4 Rxf2 35. Kxf2 Rxc4 36. Rd2 Bxd4 37. exd4 Rc3 38. Re2 Ra3 39. Rxe4 Rxa2+
40. Kf3 Rd2 41. Ke3 Rxg2 42. Kf4 Kg7 43. Rxe6 h5 44. Re3 Kf6 45. Ke4 Rh2 46.
Kd5 Rh3 47. Kd6 Kf5 48. d5 Kg4 49. Ke5 h4 50. Re4+ Kxg3 51. d6 Kf2 52. d7 Rd3
53. Rd4 Rxd4 54. Kxd4 h3 55. d8=Q h2 56. Qh4+ Kg2 57. Ke3 h1=Q 58. Qg4+ 1-0

[Event "2BLW 1718 SG KÃ¶ln Porz - SC Hansa Dort"]
[Site "?"]
[Date "2018.01.21"]
[Round "5.6"]
[White "Korotkjevich, Stanislav"]
[Black "Kotter, Ralf"]
[Result "1/2-1/2"]
[WhiteElo "2376"]
[BlackElo "2370"]
[PlyCount "140"]
[EventDate "2018.??.??"]

1. d4 Nf6 2. Nf3 e6 3. Bf4 d5 4. e3 c5 5. c3 Nc6 6. Bb5 Bd7 7. Nbd2 cxd4 8.
exd4 Qb6 9. Ba4 Nh5 10. Be3 g6 11. O-O Bg7 12. Ne5 Qc7 13. Nxd7 Qxd7 14. Nf3
O-O 15. Qd2 Qc7 16. Rac1 a6 17. Bc2 Rac8 18. Bd3 b5 19. Rfe1 Rfe8 20. a4 Na5
21. Qe2 Nc4 22. axb5 axb5 23. b3 Nd6 24. Bd2 Qb6 25. Ne5 b4 26. cxb4 Qxd4 27.
Nc6 Qb2 28. b5 Qxb3 29. Rb1 Qa4 30. Rec1 Nf4 31. Bxf4 Qxf4 32. b6 Nc4 33. Na7
Nxb6 34. Nxc8 Nxc8 35. g3 Qd6 36. Rb7 Qa3 37. Rcc7 Nd6 38. Ra7 Qb4 39. h4 Bd4
40. Ra6 e5 41. Rd7 Bc5 42. Raxd6 Bxd6 43. Qf3 Re7 44. Rd8+ Kg7 45. Qxd5 Bc5 46.
Kg2 e4 47. Bc4 Qa3 48. Bb3 e3 49. fxe3 Bxe3 50. Re8 Qb2+ 51. Kh3 Qf6 52. Rxe7
Qxe7 53. h5 Bg5 54. hxg6 hxg6 55. Bc4 Bf6 56. Kg2 Be5 57. Kh3 Qc7 58. Kg2 f5
59. Qg8+ Kh6 60. Bf7 Qc6+ 61. Bd5 Qd6 62. g4 Qa3 63. gxf5 Qg3+ 64. Kf1 Qh3+ 65.
Ke2 Qg4+ 66. Bf3 Qxf5 67. Qc4 Bf4 68. Qd3 Qe6+ 69. Be4 g5 70. Qd5 Qxd5 1/2-1/2

[Event "2BLW 1718 SG KÃ¶ln Porz - SC Hansa Dort"]
[Site "?"]
[Date "2018.01.21"]
[Round "5.7"]
[White "Dr. Kalka, Arkadius Georg"]
[Black "Pauly, Carlo"]
[Result "0-1"]
[WhiteElo "2338"]
[BlackElo "2287"]
[PlyCount "70"]
[EventDate "2018.??.??"]

1. c4 Nf6 2. g3 g6 3. Nc3 Bg7 4. Bg2 O-O 5. Nf3 d6 6. O-O Nc6 7. Rb1 e5 8. b4
a6 9. d3 h6 10. a4 Re8 11. Nd2 Bf5 12. b5 axb5 13. axb5 Na5 14. Nde4 Nxe4 15.
Nxe4 Be6 16. Bb2 f5 17. Nc3 c6 18. bxc6 bxc6 19. Na4 Bf7 20. Bc3 Qc7 21. Rb6 d5
22. Qc2 dxc4 23. dxc4 e4 24. Bxg7 Kxg7 25. c5 Qe5 26. Rb4 Rad8 27. Rd1 e3 28.
f4 Qf6 29. Nb6 Rxd1+ 30. Qxd1 Rd8 31. Qa4 Qc3 32. Bf3 Qe1+ 33. Kg2 g5 34. Rd4
Qf2+ 35. Kh3 g4+ 0-1

[Event "2BLW 1718 SG KÃ¶ln Porz - SC Hansa Dort"]
[Site "?"]
[Date "2018.01.21"]
[Round "5.8"]
[White "Wagenknecht, Uwe"]
[Black "Babar, Michael"]
[Result "1/2-1/2"]
[WhiteElo "2226"]
[BlackElo "2143"]
[PlyCount "115"]
[EventDate "2018.??.??"]

1. c4 Nf6 2. Nc3 d6 3. d4 Nbd7 4. Nf3 e5 5. e4 Be7 6. Be2 O-O 7. O-O Re8 8. Rb1
Bf8 9. d5 Nc5 10. Nd2 a5 11. Qc2 g6 12. b3 Bh6 13. a3 Bd7 14. b4 axb4 15. axb4
Na4 16. Bf3 Nxc3 17. Qxc3 Qe7 18. Nb3 Bxc1 19. Rfxc1 b6 20. Ra1 Reb8 21. c5 Bb5
22. c6 Qd8 23. Nd2 Kg7 24. g3 Qc8 25. Bg2 Rxa1 26. Rxa1 Ra8 27. f3 Rxa1+ 28.
Qxa1 Qa6 29. Qxa6 Bxa6 30. Bf1 Bc8 31. Nb1 Ne8 32. Nc3 Kf8 33. h4 Ke7 34. Kh2
Kd8 35. Bh3 Ba6 36. b5 Bc8 37. Bxc8 Kxc8 38. Kh3 Kd8 39. h5 Ke7 40. Kh4 f6 41.
hxg6 hxg6 42. f4 Ng7 43. Kg4 Kf7 44. f5 g5 45. Na2 Ke7 46. Nb4 Kd8 47. Na6 Kc8
48. Kh3 Nh5 49. Kg2 Ng7 50. Kf2 Kd8 51. Nb8 Ke7 52. Nd7 Ne8 53. Kf3 Kf7 54. Kg4
Kg7 55. Kh5 Kh7 56. Nf8+ Kg7 57. Ne6+ Kh7 58. Nf8+ 1/2-1/2

[Event "2BLW 1718 DÃ¼sseldorfer SK - SV Koblenz"]
[Site "?"]
[Date "2018.01.21"]
[Round "5.1"]
[White "Seul, Georg"]
[Black "Timman, Jan Hendrik"]
[Result "1-0"]
[WhiteElo "2390"]
[BlackElo "2558"]
[PlyCount "117"]
[EventDate "2018.??.??"]

1. e4 e5 2. Nc3 Nf6 3. f4 d5 4. fxe5 Nxe4 5. Qf3 Nxc3 6. bxc3 c5 7. Bb5+ Nc6 8.
Qg3 Qb6 9. a4 Be6 10. Ne2 O-O-O 11. d4 h6 12. Ba3 Na5 13. Bxc5 Bxc5 14. dxc5
Qxc5 15. Nd4 a6 16. Be2 Kb8 17. Rb1 Ka8 18. Rb4 g5 19. Rf1 Rc8 20. Kd2 Nc6 21.
Nxc6 Rxc6 22. Rfb1 Rc7 23. Rd4 Bf5 24. Rf1 Be4 25. Bh5 Rf8 26. Rf6 Qa5 27. Bg4
h5 28. Bf5 Bxf5 29. Rxf5 Rfc8 30. Rf3 h4 31. Qh3 Rc5 32. Rfd3 R8c7 33. Qe3 R7c6
34. Qf3 Rc7 35. Rxd5 Qxa4 36. Rxc5 Rxc5 37. e6 Rc8 38. exf7 Rf8 39. Qf6 Qf4+
40. Qxf4 gxf4 41. Rd7 Ka7 42. Kd3 a5 43. Ke4 h3 44. gxh3 f3 45. Kxf3 a4 46. Kg4
a3 47. Kg5 a2 48. Rd1 Rxf7 49. Ra1 Rf2 50. Rxa2+ Kb6 51. h4 Rxh2 52. h5 Rg2+
53. Kf6 Rf2+ 54. Kg6 Rg2+ 55. Kh7 Rg3 56. Ra3 Rg2 57. h6 Rxc2 58. Kg8 Rg2+ 59.
Kh8 1-0

[Event "2BLW 1718 DÃ¼sseldorfer SK - SV Koblenz"]
[Site "?"]
[Date "2018.01.21"]
[Round "5.2"]
[White "Berelowitsch, Alexander"]
[Black "Fritsche, Lutz"]
[Result "1-0"]
[WhiteElo "2520"]
[BlackElo "2337"]
[PlyCount "69"]
[EventDate "2018.??.??"]

1. e4 g6 2. d4 Bg7 3. Nc3 d6 4. f4 Nf6 5. Nf3 O-O 6. Bd3 Na6 7. O-O c5 8. d5
Rb8 9. a4 Nb4 10. Bc4 e6 11. dxe6 Bxe6 12. Bxe6 fxe6 13. Kh1 d5 14. e5 Ne4 15.
a5 Qe7 16. Qe2 Nxc3 17. bxc3 Nc6 18. Qb5 a6 19. Qb6 Rf7 20. Be3 Bf8 21. Ng5 Rg7
22. Rab1 Rc8 23. c4 Nd8 24. Rbd1 h6 25. Nh3 d4 26. Bd2 Qf7 27. Nf2 Qf5 28. Qb3
Nc6 29. g4 Qf7 30. Ne4 Qc7 31. Qh3 Nxa5 32. Bxa5 Qxa5 33. f5 Qc7 34. Nf6+ Kf7
35. fxe6+ 1-0

[Event "2BLW 1718 DÃ¼sseldorfer SK - SV Koblenz"]
[Site "?"]
[Date "2018.01.21"]
[Round "5.3"]
[White "Kipper, Jens"]
[Black "Schuh, Dirk"]
[Result "1/2-1/2"]
[WhiteElo "2371"]
[BlackElo "2375"]
[PlyCount "71"]
[EventDate "2018.??.??"]

1. Nf3 g6 2. d4 Nf6 3. c4 d6 4. Nc3 Bf5 5. e3 Bg7 6. Be2 O-O 7. O-O Ne4 8. Nxe4
Bxe4 9. Ng5 Bc6 10. f4 e5 11. dxe5 dxe5 12. Qxd8 Rxd8 13. fxe5 Be8 14. e6 f6
15. c5 Rd5 16. Ne4 f5 17. Bc4 Re5 18. Ng5 Nc6 19. e4 Na5 20. exf5 gxf5 21. Bd3
Bg6 22. Bf4 Rd5 23. Rad1 Bxb2 24. Bxc7 Rxc5 25. Bxa5 Rxa5 26. g4 f4 27. Bxg6
hxg6 28. Rxf4 Re8 29. h4 Rxa2 30. Rd7 Be5 31. Rff7 Rc8 32. Rd1 Ra1 33. Rxa1
Bxa1 34. Rxb7 Re8 35. Kf2 Bf6 36. Rxa7 1/2-1/2

[Event "2BLW 1718 DÃ¼sseldorfer SK - SV Koblenz"]
[Site "?"]
[Date "2018.01.21"]
[Round "5.4"]
[White "Stark, Lars"]
[Black "Hammes, Michael"]
[Result "1/2-1/2"]
[WhiteElo "2381"]
[BlackElo "2332"]
[PlyCount "120"]
[EventDate "2018.??.??"]

1. c4 e6 2. Nf3 d5 3. d4 a6 4. Nc3 Nf6 5. Bg5 dxc4 6. e3 b5 7. a4 c6 8. axb5
cxb5 9. Nxb5 axb5 10. Rxa8 Bb4+ 11. Nd2 Bb7 12. Ra1 e5 13. dxe5 Bxd2+ 14. Qxd2
Qxd2+ 15. Kxd2 Ne4+ 16. Kc2 Nxg5 17. b3 O-O 18. bxc4 bxc4 19. f3 Rc8 20. Be2
Ne6 21. Rhb1 Bd5 22. Ra5 Nc7 23. Kc3 f5 24. exf6 gxf6 25. Bxc4 Bxc4 26. Kxc4
Ne6+ 27. Kd5 Nc6 28. Rc1 Nb4+ 29. Kxe6 Rxc1 30. Kxf6 Rc6+ 31. Kf5 Rc2 32. Kf6
Rc6+ 33. Kf5 Rc2 34. Rb5 Nd3 35. Rb8+ Kg7 36. Rb7+ Kg8 37. Rb8+ Kg7 38. g4 Rxh2
39. g5 Ra2 40. Rb7+ Kg8 41. Rb8+ Kg7 42. Rb7+ Kg8 43. f4 Ra5+ 44. Kg4 Ra4 45.
Re7 Ra1 46. Rc7 Nf2+ 47. Kf3 Nd3 48. Rc3 Nb4 49. Ke4 Ra5 50. Rc8+ Kf7 51. Rd8
Nc6 52. Rd7+ Ne7 53. Rb7 Ra4+ 54. Kf3 h6 55. gxh6 Ra6 56. f5 Rxh6 57. Kf4 Rh1
58. e4 Ra1 59. Rb5 Rf1+ 60. Kg5 Rg1+ 1/2-1/2

[Event "2BLW 1718 DÃ¼sseldorfer SK - SV Koblenz"]
[Site "?"]
[Date "2018.01.21"]
[Round "5.5"]
[White "Wolf, Volker"]
[Black "Kohlweyer, Bernd"]
[Result "1/2-1/2"]
[WhiteElo "2324"]
[BlackElo "2340"]
[PlyCount "75"]
[EventDate "2018.??.??"]

1. e4 c5 2. Nf3 d6 3. d4 cxd4 4. Nxd4 Nf6 5. Nc3 a6 6. Nb3 Qc7 7. Nd5 Nxd5 8.
exd5 Nd7 9. c4 g6 10. Be3 Bg7 11. Bd4 Nf6 12. Be2 Bd7 13. Rc1 Ba4 14. O-O O-O
15. Re1 Rfe8 16. Bf1 a5 17. Rc3 h5 18. h3 b6 19. Qd2 Bxb3 20. Rxb3 Nd7 21. Bxg7
Kxg7 22. Rbe3 Nc5 23. b3 e5 24. dxe6 Rxe6 25. Rxe6 Nxe6 26. g3 Qc5 27. Rd1 h4
28. Bg2 Rd8 29. Kh2 Qe5 30. Re1 Qf6 31. Bd5 Nc5 32. Re3 Rd7 33. a3 Re7 34. Rxe7
Qxe7 35. b4 axb4 36. axb4 hxg3+ 37. fxg3 Nd7 38. Qf2 1/2-1/2

[Event "2BLW 1718 DÃ¼sseldorfer SK - SV Koblenz"]
[Site "?"]
[Date "2018.01.21"]
[Round "5.6"]
[White "Coenen, Michael"]
[Black "Stewart, Neil"]
[Result "1/2-1/2"]
[WhiteElo "2367"]
[BlackElo "2213"]
[PlyCount "83"]
[EventDate "2018.??.??"]

1. e4 e5 2. Nf3 Nc6 3. Bb5 a6 4. Ba4 Nf6 5. O-O Nxe4 6. Re1 Nc5 7. Bxc6 dxc6 8.
Nxe5 Be7 9. d4 Ne6 10. Be3 O-O 11. Nf3 f5 12. c3 Bd6 13. Qb3 Kh8 14. Bc1 Qf6
15. Nbd2 c5 16. d5 Nf4 17. Nc4 b5 18. Nce5 c4 19. Qd1 Bxe5 20. Nxe5 Ng6 21.
Nxg6+ Qxg6 22. Bf4 Qf7 23. d6 cxd6 24. Qxd6 Re8 25. Rxe8+ Qxe8 26. Be5 Ra7 27.
Re1 Rd7 28. Qc5 Bb7 29. Kf1 Qf7 30. Bd4 h6 31. f3 Kh7 32. Re5 Bd5 33. Qc8 Bb7
34. Qc5 Bd5 35. Kf2 f4 36. Kf1 Qg6 37. Qf8 Qd3+ 38. Kf2 Bf7 39. Qc5 Rd5 40. Qe7
Rxe5 41. Qxe5 Qd2+ 42. Qe2 1/2-1/2

[Event "2BLW 1718 DÃ¼sseldorfer SK - SV Koblenz"]
[Site "?"]
[Date "2018.01.21"]
[Round "5.7"]
[White "Repplinger, Marc"]
[Black "Miedema, David"]
[Result "1/2-1/2"]
[WhiteElo "2202"]
[BlackElo "2373"]
[PlyCount "103"]
[EventDate "2018.??.??"]

1. d4 e6 2. Nf3 Nf6 3. c4 d5 4. g3 dxc4 5. Bg2 Nc6 6. O-O Rb8 7. e3 b5 8. a4 a6
9. axb5 axb5 10. b3 cxb3 11. Qxb3 Bd6 12. Bb2 O-O 13. Rc1 Bb7 14. Ne5 Ne7 15.
Bxb7 Rxb7 16. Nd3 Ne4 17. f3 Nxg3 18. hxg3 Nf5 19. f4 Nxg3 20. Kg2 Qh4 21. Qd1
f5 22. d5 Ne4 23. Qf3 exd5 24. Rh1 Qe7 25. Nc3 d4 26. exd4 Rf6 27. Ra8+ Kf7 28.
Rh3 Rg6+ 29. Kh2 c6 30. Ne5+ Bxe5 31. fxe5 Qg5 32. Ne2 Nd2 33. Qf2 Rh6 34. Rxh6
Qxh6+ 35. Kg2 Qg5+ 36. Ng3 f4 37. Bc1 Qxg3+ 38. Qxg3 fxg3 39. Bxd2 b4 40. Bc1
Ke6 41. Rd8 Rd7 42. Rxd7 Kxd7 43. Kxg3 Ke6 44. Kf4 h5 45. Ke4 g6 46. Bd2 b3 47.
Kd3 b2 48. Kc2 b1=Q+ 49. Kxb1 c5 50. dxc5 Kxe5 51. Kc2 Kd5 52. Kd3 1/2-1/2

[Event "2BLW 1718 DÃ¼sseldorfer SK - SV Koblenz"]
[Site "?"]
[Date "2018.01.21"]
[Round "5.8"]
[White "de Gleria, Francesco"]
[Black "Bohn, Thomas"]
[Result "1-0"]
[WhiteElo "2387"]
[BlackElo "2333"]
[PlyCount "49"]
[EventDate "2018.??.??"]

1. e4 e6 2. d4 d5 3. Nd2 c5 4. exd5 exd5 5. Bb5+ Nc6 6. Ngf3 Bd6 7. dxc5 Bxc5
8. O-O Nge7 9. Nb3 Bd6 10. Re1 O-O 11. Bd3 Bf5 12. Be3 Qd7 13. Bc5 Rad8 14.
Bxd6 Qxd6 15. Bxf5 Nxf5 16. Qd3 Qf6 17. Rad1 Rfe8 18. Rxe8+ Rxe8 19. Qxd5 Rd8
20. Re1 Nfe7 21. Qb5 Qxb2 22. Qxb7 Qxc2 23. Nfd4 Qc3 24. Rxe7 Nxd4 25. Qd5 1-0

[Event "2BLW 1718 SG Bochum 31 - TSV Schott Mai"]
[Site "?"]
[Date "2018.01.21"]
[Round "5.1"]
[White "Lobron, Eric"]
[Black "Fridman, Rafael"]
[Result "1-0"]
[WhiteElo "2506"]
[BlackElo "2466"]
[PlyCount "49"]
[EventDate "2018.??.??"]

1. d4 d6 2. Nf3 Bg4 3. c4 c6 4. d5 Nf6 5. Nc3 g6 6. Nd4 Bg7 7. f3 Bc8 8. e4 O-O
9. Be3 Re8 10. Qd2 e6 11. dxe6 Bxe6 12. Be2 Nbd7 13. O-O Nb6 14. Nxe6 Rxe6 15.
Rfd1 Qe7 16. a4 d5 17. cxd5 cxd5 18. a5 Nc4 19. Bxc4 dxc4 20. Ra4 Rc6 21. Qe2
Qe5 22. a6 bxa6 23. Rxc4 Rxc4 24. Qxc4 Bf8 25. Bd4 1-0

[Event "2BLW 1718 SG Bochum 31 - TSV Schott Mai"]
[Site "?"]
[Date "2018.01.21"]
[Round "5.2"]
[White "Hendriks, Willy"]
[Black "Dann, Matthias"]
[Result "1-0"]
[WhiteElo "2408"]
[BlackElo "2539"]
[PlyCount "91"]
[EventDate "2018.??.??"]

1. d4 Nf6 2. Bg5 e6 3. e4 h6 4. Bxf6 Qxf6 5. c3 d6 6. Bd3 Qg6 7. Qf3 e5 8. h3
Be7 9. Ne2 Nc6 10. O-O O-O 11. Nd2 Bd7 12. Qe3 f5 13. exf5 Bxf5 14. Bxf5 Rxf5
15. Ng3 exd4 16. cxd4 Rf7 17. Nf3 Raf8 18. Qb3 Na5 19. Qd5 b6 20. Rae1 c6 21.
Qe6 Qxe6 22. Rxe6 Rd8 23. Rfe1 Bf8 24. h4 b5 25. b3 Rdd7 26. h5 Rfe7 27. Nf5
Rxe6 28. Rxe6 Kf7 29. Rg6 Nb7 30. g4 Nd8 31. g5 hxg5 32. Nxg5+ Ke8 33. Ne6 d5
34. Ng5 a5 35. Ne6 Nxe6 36. Rxe6+ Kf7 37. Rxc6 a4 38. Kg2 axb3 39. axb3 Ra7 40.
Rb6 b4 41. Ne3 Ra2 42. Nxd5 Rd2 43. Rb7+ Ke6 44. Nf4+ Kf6 45. Rb6+ Kf5 46. Ng6
1-0

[Event "2BLW 1718 SG Bochum 31 - TSV Schott Mai"]
[Site "?"]
[Date "2018.01.21"]
[Round "5.3"]
[White "Krivonosov, Oleg"]
[Black "Kotainy, Jens"]
[Result "1/2-1/2"]
[WhiteElo "2413"]
[BlackElo "2420"]
[PlyCount "142"]
[EventDate "2018.??.??"]

1. Nf3 d5 2. d4 e6 3. c4 c6 4. Qc2 f5 5. g3 Nf6 6. Bg2 Bd6 7. O-O O-O 8. b3 Qe7
9. Ne5 a5 10. Nd2 b5 11. Bb2 Bb7 12. c5 Bc7 13. a3 Na6 14. Ndf3 b4 15. Nd3 bxa3
16. Bxa3 Rfb8 17. Rfb1 Nd7 18. Bf1 Bc8 19. Bc1 Nb4 20. Nxb4 Rxb4 21. Bg5 Qe8
22. Bd2 Rb7 23. b4 Rba7 24. Qa4 Nf6 25. bxa5 Ne4 26. Be1 Bxa5 27. Qxa5 Rxa5 28.
Rxa5 Rxa5 29. Bxa5 h6 30. Rb8 Kh7 31. Ne5 Nf6 32. Ra8 Nd7 33. Nd3 Nf6 34. f3
Qd7 35. Bb6 Bb7 36. Ne5 Bxa8 37. Nxd7 Nxd7 38. Bc7 Bb7 39. e3 Kg6 40. Bd3 Kf6
41. Bd8+ Kf7 42. Kf2 Nb8 43. Bc7 Ba6 44. Bc2 Nd7 45. Ba4 Bb7 46. h3 Nf6 47. g4
Ke7 48. Bd6+ Kf7 49. Bc2 Bc8 50. Kg3 Ne8 51. Be5 Nf6 52. Bd3 Ke7 53. h4 g5 54.
Bc2 Kf7 55. hxg5 hxg5 56. Ba4 Bd7 57. gxf5 exf5 58. Bc2 Kg6 59. Bd3 Bc8 60. Kf2
Kf7 61. Ke1 Ke6 62. Kd2 Nd7 63. Bc7 Nf6 64. Bd8 Bb7 65. Be2 Bc8 66. Bc7 Ne8 67.
Bb8 Nf6 68. Kc3 g4 69. Kd2 Bd7 70. Be5 gxf3 71. Bxf3 Ne4+ 1/2-1/2